[Event "Vancouver 1975"]
[Site "Vancouver CAN"]
[Date "1975.05.17"]
[Round "1"]
[White "Thurston, Ben"]
[Black "Brodie, Hugh"]
[Result "1/2-1/2"]
[WhiteElo "1692"]
[BlackElo "1800"]
[PlyCount "81"]
[EventDate "1975.05.17"]
[EventType "swiss"]
[EventRounds "10"]
[EventCountry "CAN"]

1. c4 e5 2. Nc3 Nc6 3. Nf3 d6 4. g3 g6 5. Bg2 Bg7 6. O-O f5 7. d3 Nf6 8. Nd5
O-O 9. Ng5 h6 10. Nxf6+ Qxf6 11. Nh3 g5 12. f4 gxf4 13. gxf4 Be6 14. Rb1 Kh7
15. b4 a6 16. a4 Nd8 17. Bb2 Qg6 18. Kh1 c6 19. e3 Rc8 20. Rg1 Qf7 21. Bf3 Qe7
22. Bh5 Bf7 23. Bxf7 Qxf7 24. Qc2 Bf6 25. Rg2 Qh5 26. Ng1 Ne6 27. Qe2 Qxe2 28.
Nxe2 exf4 29. Nxf4 Nxf4 30. exf4 Bxb2 31. Rbxb2 Rce8 32. Rbe2 Rxe2 33. Rxe2 Kg7
34. Re7+ Rf7 35. Rxf7+ Kxf7 36. a5 Kg6 37. Kg2 Kh5 38. Kg3 Kg6 39. Kh4 Kh7 40.
Kh5 Kg7 41. Kh4 1/2-1/2

[Event "Vancouver 1975"]
[Site "Vancouver CAN"]
[Date "1975.05.18"]
[Round "2"]
[White "Brodie, Hugh"]
[Black "Lowrie, W."]
[Result "1-0"]
[WhiteElo "1800"]
[BlackElo "1658"]
[PlyCount "85"]
[EventDate "1975.05.17"]
[EventType "swiss"]
[EventRounds "10"]
[EventCountry "CAN"]

1. f4 d5 2. e3 g6 3. Nf3 Bg7 4. Be2 c5 5. O-O Nc6 6. Bb5 a6 7. Bxc6+ bxc6 8. d4
Qb6 9. c3 Nf6 10. Nbd2 c4 11. Qe1 Bf5 12. Ne5 O-O 13. h3 Ra7 14. g4 Bc2 15. Qf2
Ne4 16. Nxe4 Bxe4 17. Kh2 f6 18. Nf3 e5 19. Nd2 Bd3 20. Re1 e4 21. b3 Rd8 22.
bxc4 dxc4 23. Ba3 Bf8 24. Bxf8 Rxf8 25. Qg2 Re8 26. f5 Qa5 27. fxg6 hxg6 28.
Rec1 Rb7 29. Nf1 Qa3 30. Kg1 Rb2 31. Qg3 Rxa2 32. Rxa2 Qxc1 33. Rf2 Rf8 34. Qd6
Kg7 35. g5 Bxf1 36. gxf6+ Kg8 37. Qe6+ Kh8 38. Rxf1 Qxe3+ 39. Kg2 Qg5+ 40. Kh2
Qd5 41. Qe7 Rf7 42. Rf4 e3 43. Qe8+ 1-0

[Event "Vancouver 1975"]
[Site "Vancouver CAN"]
[Date "1975.05.19"]
[Round "3"]
[White "Miller, Brian"]
[Black "Brodie, Hugh"]
[Result "1-0"]
[WhiteElo "1700"]
[BlackElo "1800"]
[PlyCount "43"]
[EventDate "1975.05.17"]
[EventType "swiss"]
[EventRounds "10"]
[EventCountry "CAN"]

1. c4 e5 2. g3 Nc6 3. Bg2 d6 4. Nc3 g6 5. d3 Bg7 6. Nf3 f5 7. Bg5 Nf6 8. Nd5
O-O 9. Qd2 Ne7 10. Nxf6+ Bxf6 11. Bxf6 Rxf6 12. h4 c6 13. h5 f4 14. gxf4 exf4
15. O-O-O Qb6 16. Qc3 Rf7 17. Ng5 Qxf2 18. Nxf7 Kxf7 19. hxg6+ hxg6 20. Rh7+
Ke8 21. Qh8+ Kd7 22. Bh3+ 1-0

[Event "Vancouver 1975"]
[Site "Vancouver CAN"]
[Date "1975.05.19"]
[Round "4"]
[White "Brodie, Hugh"]
[Black "Chornobay, Bill"]
[Result "1-0"]
[WhiteElo "1800"]
[BlackElo "1707"]
[PlyCount "83"]
[EventDate "1975.05.17"]
[EventType "swiss"]
[EventRounds "10"]
[EventCountry "CAN"]

1. f4 c5 2. b3 d6 3. Bb2 Nf6 4. e3 g6 5. Nf3 Bg7 6. Bb5+ Bd7 7. Qe2 O-O 8. O-O
Nc6 9. Bxc6 Bxc6 10. d3 e6 11. Nbd2 Qc7 12. e4 d5 13. e5 Nh5 14. Ng5 Qe7 15.
Nh3 Qh4 16. Qf2 Qxf2+ 17. Rxf2 Bh8 18. g4 Ng7 19. Ba3 b6 20. d4 Rfc8 21. dxc5
bxc5 22. Bxc5 Be8 23. b4 a5 24. Nb3 axb4 25. Bxb4 Rc4 26. c3 Ba4 27. Nc5 d4 28.
Nxa4 Rxa4 29. Rd1 h5 30. a3 hxg4 31. Ng5 Nf5 32. cxd4 Ne3 33. Rb1 Rxd4 34. Bc5
Rd1+ 35. Rxd1 Nxd1 36. Rd2 Bxe5 37. fxe5 Kg7 38. Rxd1 Rc4 39. Be7 Rf4 40. Rd8
Rf5 41. Bf8+ Kg8 42. Bh6# 1-0

[Event "Vancouver 1975"]
[Site "Vancouver CAN"]
[Date "1975.05.20"]
[Round "5"]
[White "Gray, M."]
[Black "Brodie, Hugh"]
[Result "0-1"]
[WhiteElo "1708"]
[BlackElo "1800"]
[PlyCount "94"]
[EventDate "1975.05.17"]
[EventType "swiss"]
[EventRounds "10"]
[EventCountry "CAN"]

1. e4 c5 2. d4 cxd4 3. c3 dxc3 4. Nxc3 Nc6 5. Nf3 d6 6. Bc4 e6 7. O-O a6 8. Qe2
Be7 9. Rd1 Qc7 10. Be3 Nf6 11. Rac1 O-O 12. h3 Bd7 13. Bb3 Rac8 14. Nd5 Nxd5
15. exd5 exd5 16. Bxd5 Qb8 17. Bf4 Rce8 18. Qd2 Rd8 19. Qe2 Rde8 20. Qd2 Rd8
21. Re1 Rde8 22. Rcd1 Qd8 23. a3 Qa5 24. b4 Qxa3 25. Bxc6 Bxc6 26. Nd4 d5 27.
Nc2 Qa4 28. Ra1 Qb5 29. Be5 Qb6 30. Bd4 Qd8 31. Qc3 Bf6 32. Bxf6 Qxf6 33. Qxf6
gxf6 34. Kf1 Bb5+ 35. Kg1 Rxe1+ 36. Rxe1 Re8 37. Rd1 Ba4 38. Rd2 Bxc2 39. Rxc2
Re1+ 40. Kh2 Rb1 41. Rd2 Rxb4 42. Rxd5 Kg7 43. g4 b5 44. Kg3 a5 45. h4 a4 46.
Rd7 a3 47. Ra7 Ra4 0-1

[Event "Vancouver 1975"]
[Site "Vancouver CAN"]
[Date "1975.05.21"]
[Round "6"]
[White "Cameron, R."]
[Black "Brodie, Hugh"]
[Result "0-1"]
[WhiteElo "1634"]
[BlackElo "1800"]
[PlyCount "40"]
[EventDate "1975.05.17"]
[EventType "swiss"]
[EventRounds "10"]
[EventCountry "CAN"]

1. e4 c5 2. Nf3 Nc6 3. d4 cxd4 4. Nxd4 g6 5. Nc3 Bg7 6. Be3 Nf6 7. f3 O-O 8.
Bc4 d6 9. Qd2 Bd7 10. O-O-O Rc8 11. h4 Nxd4 12. Qxd4 Ng4 13. Qxa7 Nxe3 14.
Bxf7+ Rxf7 15. Qxe3 Qc7 16. Kd2 Be5 17. Qd3 Qc5 18. Rdf1 Be6 19. Nd5 Bxd5 20.
exd5 Qb4+ 0-1

[Event "Vancouver 1975"]
[Site "Vancouver CAN"]
[Date "1975.05.22"]
[Round "7"]
[White "Brodie, Hugh"]
[Black "Burk, Gary"]
[Result "0-1"]
[WhiteElo "1800"]
[BlackElo "1731"]
[PlyCount "54"]
[EventDate "1975.05.17"]
[EventType "swiss"]
[EventRounds "10"]
[EventCountry "CAN"]

1. e4 g6 2. d3 Bg7 3. Nd2 d6 4. Ngf3 Nc6 5. g3 e5 6. Bg2 f5 7. c3 Nf6 8. Qc2
O-O 9. O-O Kh8 10. Nb3 Ng8 11. h3 a5 12. a4 f4 13. Kh2 g5 14. d4 g4 15. hxg4
Bxg4 16. d5 Nce7 17. Nbd2 Ng6 18. Rh1 Bh6 19. Qd3 Nf6 20. Kg1 Nh5 21. Nh4 fxg3
22. Nxg6+ hxg6 23. fxg3 Qf6 24. Nf1 Qf2+ 25. Kh2 Rf3 26. Qb5 Nf4 27. Rg1 Nh3
0-1

[Event "Vancouver 1975"]
[Site "Vancouver CAN"]
[Date "1975.05.23"]
[Round "8"]
[White "Brodie, Hugh"]
[Black "Ahern, K."]
[Result "1-0"]
[WhiteElo "1800"]
[BlackElo "1757"]
[PlyCount "101"]
[EventDate "1975.05.17"]
[EventType "swiss"]
[EventRounds "10"]
[EventCountry "CAN"]

1. e4 c5 2. Nc3 d6 3. g3 g6 4. Bg2 Bg7 5. d3 Nc6 6. f4 Nf6 7. Nf3 Bg4 8. h3
Bxf3 9. Qxf3 Nd4 10. Qd1 e5 11. O-O Nh5 12. Kh2 exf4 13. gxf4 Qh4 14. Nd5 Ne6
15. Qg4 Qxg4 16. hxg4 Nf6 17. Nxf6+ Bxf6 18. c3 O-O-O 19. Be3 h6 20. Kg1 Rdg8
21. Rad1 g5 22. f5 Nf4 23. Kf2 Nxg2 24. Kxg2 h5 25. gxh5 Rxh5 26. Rh1 Rgh8 27.
Rxh5 Rxh5 28. Rh1 Rxh1 29. Kxh1 Be7 30. Kg2 Kd7 31. Kf3 f6 32. Kg4 Ke8 33. d4
b6 34. e5 dxe5 35. dxe5 fxe5 36. Bxg5 Bxg5 37. Kxg5 Kf7 38. c4 Ke7 39. f6+ Kf7
40. Kf5 e4 41. Kxe4 Kxf6 42. Kd5 Kf5 43. b3 Kf6 44. Kc6 Ke5 45. Kb7 Kd6 46.
Kxa7 Kc6 47. Ka6 Kc7 48. a3 Kc6 49. b4 cxb4 50. axb4 Kc7 51. b5 1-0

[Event "Vancouver 1975"]
[Site "Vancouver CAN"]
[Date "1975.05.24"]
[Round "9"]
[White "Schatzberg, G."]
[Black "Brodie, Hugh"]
[Result "1/2-1/2"]
[WhiteElo "1674"]
[BlackElo "1800"]
[PlyCount "130"]
[EventDate "1975.05.17"]
[EventType "swiss"]
[EventRounds "10"]
[EventCountry "CAN"]

1. c4 e5 2. Nc3 Nc6 3. Nf3 d6 4. d4 exd4 5. Nxd4 Nf6 6. e4 g6 7. Bg5 h6 8. Be3
Bg7 9. f3 O-O 10. Nc2 Be6 11. Qd2 Kh7 12. Be2 Qe7 13. Nd5 Bxd5 14. cxd5 Ne5 15.
Rd1 Ned7 16. b4 Ne8 17. O-O Nb6 18. Nd4 Nf6 19. Rc1 a6 20. Nb3 Rfe8 21. Bc4
Nfd7 22. Na5 Nxc4 23. Nxc4 f5 24. Bd4 Ne5 25. exf5 gxf5 26. Ne3 Rf8 27. f4 Ng6
28. Bxg7 Qxg7 29. Qc2 Rf7 30. Nxf5 Qf6 31. Ng3 Qd4+ 32. Kh1 Qxd5 33. f5 Ne5 34.
f6+ Qd3 35. Qf2 Raf8 36. Nh5 Qg6 37. Qe2 Qg4 38. Qxg4 Nxg4 39. h3 Ne5 40. Rc3
c6 41. Rd1 d5 42. Re3 Nc4 43. Re7 Kg6 44. g4 Nd6 45. Re6 Ne4 46. Nf4+ Kg5 47.
Rxe4 dxe4 48. Ne6+ Kxf6 49. Nxf8 Rxf8 50. Rf1+ Ke7 51. Rxf8 Kxf8 52. Kg2 Ke7
53. Kf2 Ke6 54. Ke3 Ke5 55. h4 b6 56. a4 a5 57. bxa5 bxa5 58. g5 hxg5 59. hxg5
Kf5 60. g6 Kxg6 61. Kxe4 Kf6 62. Kd4 Ke6 63. Kc5 Kd7 64. Kb6 Kd6 65. Kxa5 Kc7
1/2-1/2

[Event "Vancouver 1975"]
[Site "Vancouver CAN"]
[Date "1975.05.25"]
[Round "10"]
[White "Brodie, Hugh"]
[Black "Schill, William"]
[Result "1/2-1/2"]
[WhiteElo "1800"]
[BlackElo "1787"]
[PlyCount "42"]
[EventDate "1975.05.17"]
[EventType "swiss"]
[EventRounds "10"]
[EventCountry "CAN"]

1. e4 e5 2. Nc3 d6 3. Bc4 Nf6 4. d3 Be7 5. f4 Nc6 6. Nf3 Bg4 7. h3 Bxf3 8. Qxf3
Na5 9. Bb3 Nxb3 10. axb3 c6 11. O-O Qc7 12. fxe5 dxe5 13. Be3 b6 14. Qf2 Rd8
15. Ne2 O-O 16. Ng3 Nd7 17. Nf5 Bc5 18. Bxc5 Nxc5 19. Nxg7 Kxg7 20. Qf6+ Kg8
21. Qg5+ Kh8 1/2-1/2

[Event "Clarkson op"]
[Site "Potsdam NY"]
[Date "1975.04.19"]
[Round "1"]
[White "Brodie, Hugh"]
[Black "Budnick, M."]
[Result "1-0"]
[WhiteElo "1809"]
[BlackElo "1464"]
[PlyCount "43"]
[EventDate "1975.04.19"]
[EventType "swiss"]
[EventRounds "5"]
[EventCountry "USA"]

1. e4 d6 2. Nc3 Nf6 3. d3 g6 4. g3 Bg7 5. Bg2 O-O 6. f4 Bg4 7. Nf3 Nc6 8. h3
Bd7 9. O-O e5 10. Be3 Nh5 11. Kh2 exf4 12. gxf4 f5 13. Qd2 Bh6 14. Ng5 Bxg5 15.
fxg5 f4 16. Bxf4 Nxf4 17. Rxf4 Nd4 18. Nd5 Rxf4 19. Qxf4 Ne6 20. Nf6+ Kh8 21.
Qd2 c5 22. Rf1 1-0

[Event "Clarkson op"]
[Site "Potsdam NY"]
[Date "1975.04.19"]
[Round "2"]
[White "Lohr, W."]
[Black "Brodie, Hugh"]
[Result "1-0"]
[WhiteElo "1577"]
[BlackElo "1809"]
[PlyCount "79"]
[EventDate "1975.04.19"]
[EventType "swiss"]
[EventRounds "5"]
[EventCountry "USA"]

1. e4 c5 2. Nf3 Nc6 3. d4 cxd4 4. Nxd4 g6 5. Bc4 Bg7 6. Be3 Nf6 7. Nc3 Qa5 8.
Nb3 Qc7 9. Qe2 O-O 10. O-O-O d6 11. Kb1 Bd7 12. h3 Ne5 13. Bd3 Nxd3 14. Rxd3
Be6 15. Nd5 Nxd5 16. exd5 Bd7 17. Rd2 a5 18. Bd4 a4 19. Bxg7 Kxg7 20. Nd4 Rfe8
21. h4 a3 22. c4 e5 23. Nb5 Bxb5 24. cxb5 axb2 25. Rxb2 Rec8 26. h5 Qc4 27. h6+
Kf8 28. Qxc4 Rxc4 29. Rc1 Rxc1+ 30. Kxc1 Ke8 31. b6 Kd7 32. Rc2 Rc8 33. Rxc8
Kxc8 34. Kc2 f5 35. Kd3 g5 36. g4 f4 37. Ke4 Kd7 38. Kf5 f3 39. Kxg5 e4 40. Kf4
1-0

[Event "Clarkson op"]
[Site "Potsdam NY"]
[Date "1975.04.19"]
[Round "3"]
[White "Brodie, Hugh"]
[Black "Ahlstrom, J."]
[Result "1-0"]
[WhiteElo "1809"]
[BlackElo "1477"]
[PlyCount "43"]
[EventDate "1975.04.19"]
[EventType "swiss"]
[EventRounds "5"]
[EventCountry "USA"]

1. e4 c5 2. Nc3 d6 3. g3 g6 4. d3 Nc6 5. Bg2 Bg7 6. f4 a6 7. Nf3 Qc7 8. O-O Nf6
9. h3 O-O 10. Be3 Bd7 11. Qd2 Nd4 12. Nxd4 cxd4 13. Bxd4 Nxe4 14. dxe4 e5 15.
Nd5 Qc4 16. Be3 Rae8 17. fxe5 Rxe5 18. Nf6+ Bxf6 19. Rxf6 Rh5 20. g4 Re5 21.
Raf1 Bc6 22. b3 1-0

[Event "Clarkson op"]
[Site "Potsdam NY"]
[Date "1975.04.20"]
[Round "4"]
[White "Wiley, J."]
[Black "Brodie, Hugh"]
[Result "0-1"]
[WhiteElo "1562"]
[BlackElo "1809"]
[PlyCount "50"]
[EventDate "1975.04.19"]
[EventType "swiss"]
[EventRounds "5"]
[EventCountry "USA"]

1. e4 c5 2. Nf3 Nc6 3. d4 cxd4 4. Nxd4 g6 5. Nc3 Bg7 6. Be3 Nf6 7. f3 O-O 8.
Qd2 d5 9. Nxc6 bxc6 10. e5 Nd7 11. f4 e6 12. Bd3 f6 13. exf6 Bxf6 14. Ne2 e5
15. fxe5 Nxe5 16. O-O-O Ng4 17. Kb1 Nxe3 18. Qxe3 Rb8 19. c3 Qa5 20. Bc2 Bg4
21. Nd4 Bxd1 22. Rxd1 Bxd4 23. Qxd4 Qb6 24. Bb3 Qxd4 25. Rxd4 Rf2 0-1

[Event "Clarkson op"]
[Site "Potsdam NY"]
[Date "1975.04.20"]
[Round "5"]
[White "Spaulding, R."]
[Black "Brodie, Hugh"]
[Result "1/2-1/2"]
[WhiteElo "1680"]
[BlackElo "1809"]
[PlyCount "101"]
[EventDate "1975.04.19"]
[EventType "swiss"]
[EventRounds "5"]
[EventCountry "USA"]

1. e4 c5 2. Nf3 Nc6 3. d4 cxd4 4. Nxd4 g6 5. c4 Bg7 6. Be3 Nf6 7. f3 O-O 8. Nc3
d6 9. Qd2 Qa5 10. Be2 Bd7 11. O-O a6 12. a3 Rac8 13. Nb3 Qc7 14. Rad1 Be6 15.
Nd5 Bxd5 16. cxd5 Ne5 17. Rc1 Qb8 18. Na5 b6 19. Nc6 Nxc6 20. Rxc6 Rxc6 21.
dxc6 Rc8 22. Rc1 b5 23. a4 Ne8 24. a5 Nc7 25. f4 Ne6 26. Bg4 Qa8 27. Qc2 Bd4
28. Bxd4 Nxd4 29. Qd3 Rxc6 30. Rd1 e5 31. f5 Qd8 32. fxg6 hxg6 33. Rf1 Qg5 34.
h3 Rc1 35. Qa3 Rxf1+ 36. Kxf1 Qc1+ 37. Kf2 Qd2+ 38. Kg1 b4 39. Qa1 Qe3+ 40. Kh2
Qxe4 41. Qc1 Qf4+ 42. Qxf4 exf4 43. Bc8 Nc6 44. Bxa6 Nxa5 45. Kg1 g5 46. Kf2
Kg7 47. Kf3 Kf6 48. Ke4 Ke6 49. Bc8+ Ke7 50. Ba6 f6 51. Kd5 1/2-1/2

[Event "Toronto op"]
[Site "Toronto CAN"]
[Date "1975.03.28"]
[Round "1"]
[White "Brodie, Hugh"]
[Black "Kritsonis, Gus"]
[Result "1-0"]
[WhiteElo "1798"]
[BlackElo "1549"]
[PlyCount "83"]
[EventDate "1975.03.28"]
[EventType "swiss"]
[EventRounds "6"]
[EventCountry "CAN"]

1. f4 Nf6 2. b3 d5 3. e3 Bf5 4. Nf3 e6 5. Bb2 Bc5 6. Bb5+ c6 7. Be2 Nbd7 8. O-O
Qc7 9. Ne5 h5 10. d4 Be7 11. c4 Nxe5 12. fxe5 Ng4 13. Bxg4 hxg4 14. Qe2 O-O-O
15. cxd5 cxd5 16. Rc1 Qxc1+ 17. Bxc1 Rh7 18. Nd2 Rdh8 19. g3 Bb4 20. a3 Bc3 21.
Ra2 Kb8 22. a4 Rc8 23. Ba3 a5 24. Bc5 Rc6 25. Qb5 Kc7 26. Bd6+ Kc8 27. Bc5 Kc7
28. Bd6+ Kc8 29. Ba3 Kc7 30. Qf1 Rh5 31. Nb1 Bg6 32. Nxc3 Rxc3 33. Qb5 Rxe3 34.
Qxa5+ Kc8 35. Qa8+ Kc7 36. Bd6+ Kc6 37. Qe8+ Kb6 38. Bc5+ Kc7 39. Qe7+ Kc8 40.
Qe8+ Kc7 41. Bd6+ Kb6 42. Qb5+ 1-0

[Event "Toronto op"]
[Site "Toronto CAN"]
[Date "1975.03.28"]
[Round "2"]
[White "Frilles, Ruperto"]
[Black "Brodie, Hugh"]
[Result "0-1"]
[WhiteElo "1614"]
[BlackElo "1798"]
[PlyCount "118"]
[EventDate "1975.03.28"]
[EventType "swiss"]
[EventRounds "6"]
[EventCountry "CAN"]

1. e4 c5 2. g3 Nc6 3. Bg2 g6 4. c3 Bg7 5. Ne2 Qb6 6. d3 d6 7. Nd2 Nf6 8. Nc4
Qc7 9. Ne3 O-O 10. O-O Bd7 11. f4 Rac8 12. f5 Ne5 13. Nf4 Bb5 14. Nfd5 Nxd5 15.
Nxd5 Qd8 16. c4 Bc6 17. Ne3 b5 18. Rb1 bxc4 19. dxc4 Rb8 20. b3 a5 21. Bb2 a4
22. Bc3 axb3 23. Bxe5 Bxe5 24. axb3 Bd4 25. Qd3 Qa5 26. Kh1 Qc3 27. Qxc3 Bxc3
28. g4 Bd4 29. Nc2 Be5 30. g5 Rb6 31. Ne3 Rfb8 32. Ng4 Rxb3 33. Nh6+ Kf8 34.
Rxb3 Rxb3 35. fxg6 hxg6 36. Nxf7 Ke8 37. Nxe5 dxe5 38. Bf3 Re3 39. Kg2 Bxe4 40.
h4 Bxf3+ 41. Rxf3 Re4 42. Kg3 Rxc4 43. Re3 e4 44. Kf4 Kf7 45. Ke5 Rd4 46. Kf4
Ke6 47. Kg4 Ke5 48. h5 gxh5+ 49. Kxh5 Kf4 50. Re1 e3 51. Rf1+ Kg3 52. Rf7 Rh4+
53. Kg6 Re4 54. Kh7 e2 55. g6 Rh4+ 56. Kg8 e1=Q 57. g7 Rg4 58. Kf8 Qa5 59. g8=Q
Qd8# 0-1

[Event "Toronto op"]
[Site "Toronto CAN"]
[Date "1975.03.29"]
[Round "3"]
[White "Brodie, Hugh"]
[Black "Rohland, Michael"]
[Result "1-0"]
[WhiteElo "1798"]
[BlackElo "1710"]
[PlyCount "101"]
[EventDate "1975.03.28"]
[EventType "swiss"]
[EventRounds "6"]
[EventCountry "CAN"]

1. e4 c5 2. Nc3 Nc6 3. g3 g6 4. Bg2 Bg7 5. d3 e6 6. f4 d6 7. Nf3 Nf6 8. O-O h5
9. h3 h4 10. g4 Qb6 11. a3 Bd7 12. Qe2 O-O-O 13. Bd2 e5 14. fxe5 dxe5 15. Bg5
Be6 16. Na4 Qa5 17. b3 Rde8 18. Qe1 Qxe1 19. Raxe1 Nd7 20. Bxh4 b5 21. Nb2 f5
22. gxf5 gxf5 23. Nd1 f4 24. Kf2 Bf6 25. Bxf6 Nxf6 26. Rh1 Rh5 27. Kg1 Rg8 28.
Kf2 Rh6 29. Reg1 c4 30. b4 Rh5 31. Bf1 Rgh8 32. Rg6 R8h6 33. Rhg1 Bxh3 34. Rxh6
Rxh6 35. Bxh3+ Rxh3 36. Rg6 cxd3 37. cxd3 Rxf3+ 38. Kxf3 Nd4+ 39. Kf2 Nd7 40.
Nc3 Kb7 41. Rd6 Kc7 42. Rxd4 exd4 43. Nxb5+ Kb6 44. Nxd4 Ne5 45. Ke2 a5 46.
bxa5+ Kxa5 47. Nf3 Nf7 48. e5 Ka4 49. e6 Nd6 50. Ne5 Kxa3 51. Nc4+ 1-0

[Event "Toronto op"]
[Site "Toronto CAN"]
[Date "1975.03.29"]
[Round "4"]
[White "Petras, Mike"]
[Black "Brodie, Hugh"]
[Result "1/2-1/2"]
[WhiteElo "1622"]
[BlackElo "1798"]
[PlyCount "69"]
[EventDate "1975.03.28"]
[EventType "swiss"]
[EventRounds "6"]
[EventCountry "CAN"]

1. e4 c5 2. d4 cxd4 3. c3 dxc3 4. Nxc3 Nc6 5. Nf3 d6 6. Bc4 e6 7. O-O a6 8. a4
Be7 9. Qe2 Nf6 10. Rd1 Qc7 11. Bg5 O-O 12. Rac1 Qb8 13. Rc2 h6 14. Bh4 Rd8 15.
Rcd2 b6 16. b4 Bb7 17. b5 axb5 18. Nxb5 Rxa4 19. Bxf6 Bxf6 20. Nxd6 Ra1 21.
Rxa1 Bxa1 22. Nxb7 Rxd2 23. Qxd2 Qxb7 24. Qa2 Bf6 25. e5 Be7 26. Bd3 Qa7 27.
Qxa7 Nxa7 28. Kf1 b5 29. Nd4 b4 30. Ke2 Kf8 31. Be4 Ke8 32. Nc6 Nxc6 33. Bxc6+
Kd8 34. Kd3 Kc7 35. Ba4 1/2-1/2

[Event "Toronto op"]
[Site "Toronto CAN"]
[Date "1975.03.30"]
[Round "5"]
[White "Brodie, Hugh"]
[Black "Zendrowski, Jay"]
[Result "0-1"]
[WhiteElo "1798"]
[BlackElo "1727"]
[PlyCount "80"]
[EventDate "1975.03.28"]
[EventType "swiss"]
[EventRounds "6"]
[EventCountry "CAN"]

1. f4 g6 2. e4 d6 3. Nf3 Bg7 4. Nc3 c6 5. g3 Nd7 6. Bg2 e5 7. fxe5 dxe5 8. O-O
Qc7 9. d3 Ngf6 10. Kh1 Nf8 11. Bd2 Bg4 12. h3 Bxf3 13. Qxf3 Ne6 14. Ne2 h5 15.
a4 O-O-O 16. a5 Kb8 17. b4 Rdf8 18. Kg1 Nd7 19. c4 f5 20. Nc3 Nd4 21. Qd1 h4
22. b5 hxg3 23. bxc6 bxc6 24. Ne2 Nxe2+ 25. Qxe2 f4 26. Rab1+ Ka8 27. a6 Rb8
28. Qg4 Qd6 29. Qf3 Qd4+ 30. Kh1 Rh4 31. Rxb8+ Nxb8 32. Bb4 Bf6 33. Qd1 Qd7 34.
Kg1 Nxa6 35. Qe1 Be7 36. Rf3 Bc5+ 37. Kf1 Qd4 38. Bh1 Rxh3 39. Bg2 Qg1+ 40. Ke2
Qxg2+ 0-1

[Event "Toronto op"]
[Site "Toronto CAN"]
[Date "1975.03.30"]
[Round "6"]
[White "Hill, Roderick"]
[Black "Brodie, Hugh"]
[Result "1/2-1/2"]
[WhiteElo "1528"]
[BlackElo "1798"]
[PlyCount "48"]
[EventDate "1975.03.28"]
[EventType "swiss"]
[EventRounds "6"]
[EventCountry "CAN"]

1. e4 c5 2. Nc3 Nc6 3. g3 g6 4. Bg2 Bg7 5. d3 d6 6. f4 e6 7. Nf3 Nge7 8. O-O
Rb8 9. e5 dxe5 10. fxe5 Nxe5 11. Bf4 Nxf3+ 12. Qxf3 Ra8 13. Be3 O-O 14. Bxc5
Bd4+ 15. Bxd4 Qxd4+ 16. Qf2 Qxf2+ 17. Rxf2 Bd7 18. Ne4 Bc6 19. Nf6+ Kg7 20.
Bxc6 Nxc6 21. Raf1 Rad8 22. Re1 a6 23. a3 Rd4 24. Ne4 Rd5 1/2-1/2

[Event "Ottawa op"]
[Site "Ottawa CAN"]
[Date "1975.03.14"]
[Round "1"]
[White "Nguyen, Tuong"]
[Black "Brodie, Hugh"]
[Result "1/2-1/2"]
[WhiteElo "1567"]
[BlackElo "1798"]
[PlyCount "66"]
[EventDate "1975.03.15"]
[EventType "swiss"]
[EventRounds "5"]
[EventCountry "CAN"]

1. e4 c5 2. Nf3 Nc6 3. Nc3 g6 4. d4 cxd4 5. Nxd4 Bg7 6. Be3 Nf6 7. Be2 O-O 8.
Qd2 d5 9. Nxc6 bxc6 10. exd5 cxd5 11. Bd4 e6 12. h4 Re8 13. Be5 Nd7 14. Bxg7
Kxg7 15. f4 Bb7 16. h5 Rh8 17. Bf3 f6 18. hxg6 hxg6 19. O-O-O Qb6 20. Ne2 Rab8
21. Nd4 Ba6 22. b3 Nc5 23. g4 Nd3+ 24. cxd3 Qxd4 25. Kb1 Rxh1 26. Bxh1 Rc8 27.
Bf3 Rc3 28. Be2 e5 29. fxe5 fxe5 30. Qg5 Bxd3+ 31. Bxd3 Rxd3 32. Qe7+ Kg8 33.
Qe6+ Kg7 1/2-1/2

[Event "Ottawa op"]
[Site "Ottawa CAN"]
[Date "1975.03.15"]
[Round "2"]
[White "Brodie, Hugh"]
[Black "Hallam, John"]
[Result "0-1"]
[WhiteElo "1798"]
[BlackElo "1571"]
[PlyCount "56"]
[EventDate "1975.03.15"]
[EventType "swiss"]
[EventRounds "5"]
[EventCountry "CAN"]

1. e4 g6 2. d3 Bg7 3. g3 d6 4. Bg2 e5 5. Nh3 Ne7 6. O-O Nbc6 7. f4 Bd7 8. Nc3
f5 9. Be3 O-O 10. Qd2 Kh8 11. fxe5 Nxe5 12. Bh6 Bxh6 13. Qxh6 Ng8 14. Qd2 Nf6
15. Nf4 c6 16. Kh1 Qb6 17. Rab1 Rae8 18. Qf2 Qxf2 19. Rxf2 Neg4 20. Re2 Ne5 21.
exf5 Bxf5 22. Ne4 Nxe4 23. Bxe4 Bg4 24. Ree1 g5 25. Ne2 d5 26. Bg2 Nf3 27. h3
Nxe1 28. hxg4 Nxg2 0-1

[Event "Ottawa op"]
[Site "Ottawa CAN"]
[Date "1975.03.15"]
[Round "3"]
[White "Dale, Larry"]
[Black "Brodie, Hugh"]
[Result "1/2-1/2"]
[WhiteElo "1618"]
[BlackElo "1798"]
[PlyCount "60"]
[EventDate "1975.03.15"]
[EventType "swiss"]
[EventRounds "5"]
[EventCountry "CAN"]

1. d4 Nf6 2. c4 e5 3. dxe5 Ng4 4. Nf3 Nc6 5. Bf4 Bb4+ 6. Nbd2 Qe7 7. e3 Ngxe5
8. Nxe5 Nxe5 9. a3 Bxd2+ 10. Qxd2 d6 11. Be2 O-O 12. O-O Be6 13. Bxe5 dxe5 14.
Qc3 Qg5 15. Rfd1 e4 16. Qd4 f5 17. Qe5 Qf6 18. Qxf6 Rxf6 19. Rd4 Raf8 20. Rad1
Rg6 21. Rd8 Rgf6 22. g3 Rxd8 23. Rxd8+ Rf8 24. Rxf8+ Kxf8 25. Kf1 Ke7 26. Ke1
Kd6 27. b4 g5 28. Kd2 c5 29. bxc5+ Kxc5 30. Kc3 a6 1/2-1/2

[Event "Ottawa op"]
[Site "Ottawa CAN"]
[Date "1975.03.16"]
[Round "4"]
[White "Von Egmond, J."]
[Black "Brodie, Hugh"]
[Result "0-1"]
[WhiteElo "1673"]
[BlackElo "1798"]
[PlyCount "58"]
[EventDate "1975.03.15"]
[EventType "swiss"]
[EventRounds "5"]
[EventCountry "CAN"]

1. b3 e5 2. Bb2 d6 3. e3 Nc6 4. Bb5 f5 5. Nh3 Nf6 6. f4 e4 7. Bxf6 Qxf6 8. Nc3
g6 9. Nd5 Qd8 10. d4 Bg7 11. Qd2 O-O 12. Bc4 Kh8 13. Ng5 Ne7 14. Qf2 Nxd5 15.
Bxd5 Qf6 16. h4 c6 17. Bc4 d5 18. Be2 h6 19. O-O-O c5 20. c3 cxd4 21. cxd4 Bd7
22. Kb2 Qb6 23. Nh3 a5 24. Rc1 a4 25. Rc3 axb3 26. Rxb3 Qa5 27. a3 Qd2+ 28. Kb1
Rfc8 29. Qe1 Qc2+ 0-1

[Event "Ottawa op"]
[Site "Ottawa CAN"]
[Date "1975.03.16"]
[Round "5"]
[White "Brodie, Hugh"]
[Black "Nadeau, Renaud"]
[Result "1-0"]
[WhiteElo "1798"]
[BlackElo "1677"]
[PlyCount "37"]
[EventDate "1975.03.15"]
[EventType "swiss"]
[EventRounds "5"]
[EventCountry "CAN"]

1. e4 e5 2. Nc3 Nc6 3. Bc4 Bc5 4. Qg4 Kf8 5. Qg3 Nf6 6. d3 Nd4 7. Bb3 a5 8. Nf3
d6 9. Nxd4 exd4 10. Ne2 a4 11. Bc4 d5 12. exd5 Qe8 13. Qxc7 Bb4+ 14. Bd2 Bxd2+
15. Kxd2 Bg4 16. Nxd4 Ne4+ 17. dxe4 Rc8 18. Qd6+ Kg8 19. Bd3 1-0

[Event "Carnaval"]
[Site "Quebec CAN"]
[Date "1975.02.07"]
[Round "1"]
[White "Brodie, Hugh"]
[Black "Dobrich, Vlad (Walter)"]
[Result "0-1"]
[WhiteElo "1800"]
[BlackElo "2250"]
[PlyCount "84"]
[EventDate "1975.02.07"]
[EventType "swiss"]
[EventRounds "5"]
[EventCountry "CAN"]

1. Nf3 g6 2. g3 Bg7 3. Bg2 c5 4. c4 Nc6 5. Nc3 e6 6. e4 Nge7 7. O-O O-O 8. d3
d5 9. Qe2 a6 10. Bd2 Rb8 11. Nd1 b5 12. cxb5 axb5 13. Bc3 d4 14. Bd2 Ba6 15.
Rc1 Qb6 16. Ne1 Rfc8 17. f4 b4 18. b3 Na7 19. Nb2 Nb5 20. Nc4 Qa7 21. Rc2 Nc3
22. Bxc3 dxc3 23. Nf3 Rd8 24. Kh1 Nc6 25. h3 Nd4 26. Nxd4 Rxd4 27. e5 Rbd8 28.
Be4 Bf8 29. Qf3 R8d7 30. Kg2 Bb7 31. Re1 Rxd3 32. Re3 Rxe3 33. Qxe3 Rd4 34. Bf3
Qa8 35. Kf2 Bxf3 36. Qxf3 Qd8 37. Qe2 Qd5 38. Qe3 Qh1 39. Qe2 Qd5 40. Ne3 c4
41. Nxc4 Bc5 42. Qf3 Rxf4+ 0-1